[Event "FRA-ch U12 Girls"]
[Site "Nimes"]
[Date "2012.04.15"]
[Round "2"]
[White "Haidu, Cristina Veronica"]
[Black "Tournebise, Nikita"]
[Result "1-0"]
[WhiteElo "1568"]
[BlackElo "1382"]
[PlyCount "37"]
[EventDate "2012.04.14"]
[EventType "swiss"]
[EventRounds "9"]
[EventCountry "FRA"]
[SourceTitle "CBM 148 Extra"]
[Source "ChessBase"]
[SourceDate "2012.06.22"]
[SourceVersion "1"]
[SourceVersionDate "2012.06.22"]
[SourceQuality "1"]

1. e4 e5 2. Nf3 Nc6 3. Bc4 Nf6 4. Ng5 d5 5. exd5 Nd4 6. c3 b5 7. cxd4 bxc4 8. dxe5 Qxd5 9. exf6 Qxg5 10. fxg7 Qxg7 11. Qf3 Rb8 12. Qc6+ Bd7 13. Qxc7 Rc8 14. Qg3 Qf6 15. Qe3+ Be7 16. Nc3 Be6 17. Ne4 Qf5 18. Rg1 Bd5 19. Nd6+ 1-0

[Event "FRA-ch U12 Girls"]
[Site "Nimes"]
[Date "2012.04.14"]
[Round "1"]
[White "Tournebise, Nikita"]
[Black "Berriat, Diane"]
[Result "1-0"]
[WhiteElo "1382"]
[BlackElo "1600"]
[PlyCount "55"]
[EventDate "2012.04.14"]
[EventType "swiss"]
[EventRounds "9"]
[EventCountry "FRA"]
[SourceTitle "CBM 148 Extra"]
[Source "ChessBase"]
[SourceDate "2012.06.22"]
[SourceVersion "1"]
[SourceVersionDate "2012.06.22"]
[SourceQuality "1"]

1. e4 e5 2. Nf3 Nc6 3. Bc4 Nf6 4. d3 d6 5. Bg5 h6 6. Be3 Be7 7. Nc3 0-0 8. 0-0 Be6 9. Bb3 d5 10. exd5 Nxd5 11. Nxd5 Bxd5 12. c4 Bxf3 13. gxf3 Nd4 14. Kh1 Bc5 15. Rg1 Qh4 16. Rg3 Bd6 17. Rg4 Qh3 18. Rg3 Qh5 19. Qf1 Nxf3 20. Rh3 Qf5 21. Qg2 Ng5 22. Rh5 Qxd3 23. Bxg5 hxg5 24. Rd1 Qf5 25. Rxg5 Qf6 26. Rg1 g6 27. c5 Be7 28. Rxg6+ 1-0

[Event "Reunion op 13th"]
[Site "St Denis"]
[Date "2011.10.06"]
[Round "6"]
[White "Noel, Philippe"]
[Black "Tournebise, Nikita"]
[Result "1/2-1/2"]
[WhiteElo "1380"]
[BlackElo "1720"]
[PlyCount "71"]
[EventDate "2011.10.01"]
[EventType "swiss"]
[EventRounds "9"]
[EventCountry "RUF"]
[SourceTitle "EXT 2012"]
[Source "ChessBase"]
[SourceDate "2011.11.24"]
[SourceVersion "1"]
[SourceVersionDate "2011.11.24"]
[SourceQuality "1"]

1. e4 e5 2. Bc4 Nf6 3. d3 h6 4. Nc3 Bc5 5. h3 0-0 6. Nf3 Nc6 7. a3 a5 8. Bd2 d6 9. 0-0 Be6 10. Bxe6 fxe6 11. Ne2 Rf7 12. c3 Qf8 13. a4 Ba7 14. Nh4 Nd7 15. Nf3 d5 16. Ng3 Nf6 17. Kh1 Rd8 18. Qc2 d4 19. Nh4 Kh7 20. c4 Nd7 21. Nf3 Nb4 22. Bxb4 Qxb4 23. Qe2 c6 24. Nh4 Nc5 25. Qh5 Bb8 26. Qxf7 Rd7 27. Qg6+ Kg8 28. Nh5 Re7 29. Nf6+ Kf8 30. Nh7+ Kg8 31. f4 exf4 32. Rxf4 Bxf4 33. Rf1 Nxd3 34. Nf6+ Kf8 35. Nh7+ Kg8 36. Nf6+ 1/2-1/2

[Event "Reunion op 13th"]
[Site "St Denis"]
[Date "2011.10.01"]
[Round "1"]
[White "Tournebise, Nikita"]
[Black "Rivolo, Anne Claire"]
[Result "0-1"]
[WhiteElo "1720"]
[BlackElo "1350"]
[PlyCount "120"]
[EventDate "2011.10.01"]
[EventType "swiss"]
[EventRounds "9"]
[EventCountry "RUF"]
[SourceTitle "EXT 2012"]
[Source "ChessBase"]
[SourceDate "2011.11.24"]
[SourceVersion "1"]
[SourceVersionDate "2011.11.24"]
[SourceQuality "1"]

1. e4 e5 2. Nf3 Nc6 3. Bc4 Nf6 4. 0-0 Bc5 5. Nc3 0-0 6. d3 d6 7. Bg5 Be6 8. Bb3 Nd4 9. Nxd4 Bxd4 10. Qd2 c6 11. Rab1 Bxb3 12. axb3 h6 13. Bh4 d5 14. Qe2 g5 15. Bg3 Qb6 16. exd5 Rfe8 17. dxc6 Qxc6 18. Qd2 e4 19. dxe4 Bxc3 20. bxc3 Nxe4 21. Qd4 Nxg3 22. hxg3 b6 23. c4 Rad8 24. Qc3 Re2 25. Rbe1 Rdd2 26. Rxe2 Rxe2 27. Re1 Qe6 28. Rd1 Qe7 29. Kf1 Re5 30. Re1 f6 31. Rxe5 Qxe5 32. Qxe5 fxe5 33. b4 Kf7 34. Ke2 Ke6 35. Ke3 a5 36. bxa5 bxa5 37. Kd3 Kd6 38. Kc3 Kc5 39. Kb3 Kd4 40. f3 h5 41. Ka4 Kxc4 42. Kxa5 Kc5 43. c3 g4 44. f4 e4 45. f5 e3 46. f6 e2 47. f7 e1Q 48. f8Q+ Kc4 49. Qc8+ Kb3 50. Qb8+ Kc2 51. Qg8 Qxc3+ 52. Ka6 Qc6+ 53. Ka7 Qc7+ 54. Ka8 Qxg3 55. Qa2+ Kd1 56. Qd5+ Ke1 57. Qe4+ Kf2 58. Qc2+ Kg1 59. Qc5+ Kxg2 60. Qd5+ Qf3 0-1